| Tag |
First Indicator |
Second Indicator |
Subfields |
| LEADER |
00000pam a2200000 i 4500 |
| 001 |
in00000083940 |
| 005 |
20151008054343.0 |
| 008 |
801230s1981 ncua b 00110 eng |
| 010 |
|
|
|a 80028280
|
| 020 |
|
|
|a 0899500277
|
| 035 |
|
|
|a (OCoLC)07206332
|
| 035 |
|
|
|9 AAJ0408AM
|
| 040 |
|
|
|a DLC
|c DLC
|d m.c.
|d TXA
|d UtOrBLW
|
| 049 |
|
|
|a TXAM
|c [A10792826]
|
| 050 |
0 |
0 |
|a QL737.U55
|b D37 1981
|
| 082 |
0 |
|
|a 639.9/797357
|2 19
|
| 100 |
1 |
|
|a Dasmann, William.
|
| 245 |
1 |
0 |
|a Deer range :
|b improvement and management /
|c by William Dasmann.
|
| 250 |
|
|
|a [2d ed.].
|
| 264 |
|
1 |
|a Jefferson, N.C. :
|b McFarland,
|c 1981.
|
| 300 |
|
|
|a viii, 168 pages :
|b illustrations ;
|c 24 cm.
|
| 336 |
|
|
|a text
|b txt
|2 rdacontent
|
| 337 |
|
|
|a unmediated
|b n
|2 rdamedia
|
| 338 |
|
|
|a volume
|b nc
|2 rdacarrier
|
| 500 |
|
|
|a First edition published in 1971 under title: If deer are to survive.
|
| 504 |
|
|
|a Bibliography: pages 141-164.
|
| 500 |
|
|
|a Includes index.
|
| 650 |
|
0 |
|a Deer
|x Habitat.
|
| 650 |
|
0 |
|a Wildlife habitat improvement.
|
| 999 |
|
|
|a MARS
|
| 999 |
f |
f |
|s 3f103f5e-0e1c-30ba-b279-325081f4c339
|i 7106633b-47f3-3f34-a5ed-fb16bd5cc87e
|t 0
|
| 952 |
f |
f |
|p ric
|a Texas A&M University
|b Rellis Campus
|c Joint Library Facility
|d Remote Storage
|t 0
|e QL737.U55 D37 1981
|h Library of Congress classification
|i unmediated -- volume
|m A14810792826
|
| 998 |
f |
f |
|a QL737.U55 D37 1981
|t 0
|l Remote Storage
|